| 000 | 00719nam a2200229 a 4500 | ||
|---|---|---|---|
| 005 | 20210219153045.0 | ||
| 008 | 991125n 000 0 spa u | ||
| 035 | _aUPN01000075083 | ||
| 100 | 1 | _aGil, Daniel | |
| 222 | _aINFANCIA Y APRENDIZAJE = | ||
| 222 | _bJOURNAL FOR THE STUDY OF EDUCATION AND DEVELOPMENT | ||
| 245 | _aEl currículo de ciencias en la educación secundaria obligatoria : área o disciplinas ? !ni lo uno ni lo otro sino todo lo contrario! | ||
| 260 | _aMadrid, España | ||
| 300 | _a19-30 | ||
| 362 | 0 | _a1994 No. 65 | |
| 653 | 0 | _aCIENCIA | |
| 653 | 0 | _aEDUCACION SECUNDARIA | |
| 653 | 0 | _aFORMACION DE MAESTROS | |
| 653 | 0 | _aGLOBALIZACION | |
| 904 |
_aAC _b012894 |
||
| 905 | _aArticulo | ||
| 999 |
_c67313 _d67313 |
||